00724 2200265 4500001002100000005001500021035002500036090002100061245005100082250001000133260003000143300002600173007000300199008004100202020001800243040001700261082001600278084001800294100002800312650003600340850001200376504002800388999002100416990002100437YOGYA00000000007498520220627094801 a0010-081400000074702 aCB-D.11 2004-43010aPanduan microsoft visual basic /cAgung Novian acet 13 aYogyakarta :bAndi,c2004 axi, 250 hlm, ;c21 cmta131128s2004 yoia g ind d a979-731-514-2 aYOPDYOGbind04223a005.118 a005.118 AGU p0 aAgung Novianepengarang 4aVisual basic (Program komputer) aYOPDYOG aBibliografi halaman 251 aCB-D.11/2004-430 aCB-D.11/2004-430